000 01199nac a22003251i 4500
003 EG-ScBUE
005 20240404104127.0
008 240404t1997 n a f b 001 0 eng d
020 _a9780131344020
020 _a0131344021
040 _aEG-ScBUE
_beng
_erda
_cEG-ScBUE
_dEG-ScBUE
082 0 4 _a945.3105
_bBRO
_222
100 1 _aBrown, Patricia Fortin,
_eauthor.
245 1 0 _aArt and life in renaissance venice /
_cPatricia Fortini Brown.
264 1 _aNew York :
_bPrentice Hall :
_bH.N. Abrams,
_c[1997]
264 4 _cc1997
300 _a176 pages :
_bcolor illustrations ;
_c24 cm.
336 _2rdacontent
_atext
_btxt
337 _aunmediated
_2rdamedia
_bn
338 _avolume
_bnc
_2rdacarrier
490 0 _aPerspectives
500 _aSimultaneously published: The Renaissance in Venice. London : Weidenfeld & Nicolson, 1997.
504 _aIncludes bibliographical references and index.
650 7 _aArt, Italian
_zItaly
_zVenice.
_2BUEsh
650 7 _aArt, Renaissance
_zItaly
_zVenice.
_2BUEsh
650 7 _aArt patronage
_zItaly
_zVenice
_xHistory
_y16th century.
_2BUEsh
651 7 _aVenice (Italy)
_xSocial life and customs.
_2BUEsh
655 _vReading book
942 _cBB
_2ddc
999 _c1474
_d1474